Πρώιμη Παιδαγωγική - Εκπαιδευτική Παρέμβαση / Τα Τμήματα Ένταξης στα Νηπιαγωγεία - Η Συνεκπαίδευση Παιδιών Προσχολικής Ηλικίας με και Χωρίς Ειδικές Ανάγκες (Record no. 5036)
[ view plain ]
| 000 -LEADER | |
|---|---|
| fixed length control field | 01881cam a22001934a 4500 |
| 005 - ΗΜΕΡΟΜΗΝΙΑ ΚΑΙ ΩΡΑ ΤΕΛΕΥΤΑΙΑΣ ΕΝΗΜΕΡΩΣΗΣ | |
| Πεδίο ελέγχου | 20250605164203.0 |
| 008 - FIXED-LENGTH DATA ELEMENTS--GENERAL INFORMATION | |
| Πεδίο ελέγχου σταθερού μήκους | 250528s ||||||||||||||||||||||||d |
| 035 ## - SYSTEM CONTROL NUMBER | |
| System control number | 19782 |
| 020 ## - ISBN | |
| ISBN | 9608288053 |
| 040 ## - ΠΗΓΗ ΚΑΤΑΛΟΓΟΓΡΑΦΗΣΗΣ | |
| Φορέας πρωτότυπης καταλογογράφησης | MC Athens Campus Library |
| Γλώσσα καταλογογράφησης | Ελληνικά, Μοντέρνα (1453-) |
| Modifying agency | MC Athens Campus Library |
| Κανόνες περιγραφικής καταλογογράφησης | AACR2 |
| 245 1# - ΤΙΤΛΟΣ ΚΑΙ ΔΗΛΩΣΗ ΥΠΕΥΘΥΝΟΤΗΤΑΣ | |
| Τίτλος | Πρώιμη Παιδαγωγική - Εκπαιδευτική Παρέμβαση / Τα Τμήματα Ένταξης στα Νηπιαγωγεία - Η Συνεκπαίδευση Παιδιών Προσχολικής Ηλικίας με και Χωρίς Ειδικές Ανάγκες |
| 260 ## - PUBLICATION, DISTRIBUTION, ETC. | |
| Name of publisher, distributor, etc. | Ωρίων, |
| Date of publication, distribution, etc. | 2003 |
| 300 ## - PHYSICAL DESCRIPTION | |
| Extent | 96 |
| 520 ## - SUMMARY, ETC. | |
| Summary, etc. | 'Διαφορετικοί αλλά Ενωμένοι'' είναι το σύνθημα που κυριάρχησε στην Ευρώπη με το φως της νέας Χιλιετίας. Είναι, όμως, και το μήνυμα του βιβλίου. Η ΔΙΑΦΟΡΑ ΔΕΝ ΕΙΝΑΙ ΑΠΕΙΛΗ. Αναφορές και Επεξηγήσεις, Δικαιώματα και Ανάγκες και Υποστήριξη των Παιδιών Προσχολικής Ηλικίας, Τμήματα Ένταξης, Απόψεις και Καλές Πρακτικές, Το Πρόγραμμα των Τμημάτων Ένταξης, Φάση Υλοποίησης του Προγράμματος, Ψυχοπαιδαγωγική Υποστήριξη και Αξιολόγηση των Τ.Ε., Λειτουργικά Προβλήματα και Προτάσεις, Ατομικά Προγράμματα Πρώιμης Παρέμβασης, Το Παιδί με Ε.Ε.Α. στο ''Κοινο'' Νηπιαγωγείο - Πρόγραμμα Ένταξης και Συνεκπαίδευσης, Συγκεφαλαιώνοντας, Βιβλιογραφία. |
| 700 1# - ΠΡΟΣΘΕΤΗ ΑΝΑΓΡΑΦΗ--ΦΥΣΙΚΟ ΠΡΟΣΩΠΟ | |
| Personal name | Σπετσιώτης Γιάννης Μ |
| 9 (RLIN) | 3801 |
| 942 ## - ADDED ENTRY ELEMENTS (KOHA) | |
| Koha item type | Books |
| Τύπος τεκμηρίου | Βιβλιοθήκη | Τρέχουσα τοποθεσία | Barcode | Αριθμός εισαγωγής | Ημερομηνία απόκτησης | Ταξιθετικό σύμβολο | Αριθμός αντιτύπου | Κατάσταση απόσυρσης | Κατάσταση χαμένου | Κατάσταση κατεστραμμένου | Μη δανεισμός | Σύνολο δανεισμών | Ημερομηνία τελευταίας εμφάνισης | Η τιμή ισχύει από |
|---|---|---|---|---|---|---|---|---|---|---|---|---|---|---|
| Books | MC Athens Campus Library | MC Athens Campus Library | 9780000050359 | 5869 | 05/06/2025 | 371.9 SPE | 1 | 05/06/2025 | 05/06/2025 |